[Event "PRO League Group Stage"]
[Site "chess.com INT"]
[Date "2019.01.30"]
[Round "4"]
[White "Naroditsky, Daniel"]
[Black "Bachmann, Axel"]
[Result "1-0"]
[WhiteTitle "GM"]
[BlackTitle "GM"]
[WhiteElo "2616"]
[BlackElo "2631"]
[WhiteTeam "San Francisco Mechanics"]
[BlackTeam "Miami Champions"]
[WhiteFideId "2026961"]
[BlackFideId "3700488"]
[EventDate "2019.01.08"]

1. e4 c5 2. Nf3 e6 3. d4 cxd4 4. Nxd4 Nc6 5. Nc3 Qc7 6. Be3 a6 7. Qf3 Ne5 8. Qg3
d6 9. f4 Nc4 10. Bxc4 Qxc4 11. O-O-O b5 12. Nb3 Qc7 13. f5 Nf6 14. fxe6 fxe6 15.
Bc5 e5 16. Bb4 Be6 17. Rd2 Be7 18. Qxg7 Rg8 19. Bxd6 Rxg7 20. Bxc7 b4 21. Na4
Nxe4 22. Re2 Bg5+ 23. Kb1 Bxb3 24. axb3 Nd2+ 25. Rxd2 Bxd2 26. Bxe5 Rxg2 27. Nb6
Ra7 28. Nc4 Re7 29. Rd1 Re6 30. Ka2 h5 31. Rf1 Bg5 32. Rf5 h4 33. h3 Be7 34. Kb1
Rg3 35. Bxg3 hxg3 36. Rf1 g2 37. Rg1 Re2 38. Ne3 Rxe3 39. Rxg2 Rxh3 40. Rg6 a5
41. Ra6 Bd8 42. Ra7 Re3 43. Ra6 Kd7 44. Rg6 Bc7 45. Rg4 Be5 46. Rc4 Kd6 47. Rc8
Re1+ 48. Ka2 Re2 49. Kb1 Kd5 50. Rc4 Bd6 51. Rc8 Re1+ 52. Ka2 Be5 53. Ra8 Bc7
54. Rc8 Kc6 55. Rg8 Re2 56. Kb1 Bd6 57. Rg5 Re5 58. Rg6 Rd5 59. Rg2 Kc5 60. Rf2
Be5 61. Re2 Rd1+ 62. Ka2 Kd5 63. Rg2 Ke4 64. Re2+ Kd4 65. c3+ Kd5 66. cxb4 Kd6
67. bxa5 Bd4 68. b4 Rd3 69. Rc2 Kd5 70. b5 Rh3 71. b6 Rh8 72. b4 Ke4 73. Kb3 Kd3
74. b7 Rb8 75. a6 Ba7 76. Rc8 Kd4 77. b5 Kd5 78. b6 1-0

[Event "PRO League Group Stage"]
[Site "chess.com INT"]
[Date "2019.01.30"]
[Round "4"]
[White "Fernandez, Daniel"]
[Black "Hong, Andrew"]
[Result "1-0"]
[WhiteTitle "IM"]
[BlackTitle "FM"]
[WhiteElo "2482"]
[BlackElo "2390"]
[WhiteTeam "Miami Champions"]
[BlackTeam "San Francisco Mechanics"]
[WhiteFideId "2015390"]
[BlackFideId "2099438"]
[EventDate "2019.01.08"]

1. e4 c5 2. Nf3 d6 3. d4 cxd4 4. Nxd4 Nf6 5. Nc3 a6 6. h3 e5 7. Nb3 Be6 8. f4 g6
9. Qf3 Nc6 10. Be3 Rc8 11. O-O-O Bg7 12. g4 Nb4 13. Kb1 exf4 14. Bxf4 Nd7 15.
Bxd6 Rxc3 16. bxc3 Nc6 17. e5 Qb6 18. Bg2 Ndxe5 19. Qf4 Nc4 20. Bc5 Qb5 21. Qc7
N4e5 22. Rd8+ 1-0

[Event "PRO League Group Stage"]
[Site "chess.com INT"]
[Date "2019.01.30"]
[Round "4"]
[White "Stearman, Josiah"]
[Black "Myers, Dominique"]
[Result "1/2-1/2"]
[WhiteTitle "FM"]
[WhiteElo "2298"]
[BlackElo "2018"]
[WhiteTeam "San Francisco Mechanics"]
[BlackTeam "Miami Champions"]
[WhiteFideId "2062496"]
[BlackFideId "2041715"]
[EventDate "2019.01.08"]

1. e4 c5 2. Nc3 a6 3. g3 b5 4. Bg2 Bb7 5. d3 e6 6. f4 d5 7. f5 d4 8. fxe6 fxe6
9. Nce2 Nd7 10. Nf3 e5 11. O-O Ngf6 12. c3 dxc3 13. bxc3 Bd6 14. Qb3 c4 15. dxc4
Nc5 16. Qb2 bxc4 17. Be3 Qc7 18. Ng5 O-O 19. Kh1 Nfxe4 20. Bxc5 Nxc5 21. Bxb7
Nxb7 22. Qc2 Qc6+ 23. Qe4 Qxe4+ 24. Nxe4 Be7 25. g4 Nc5 26. N2g3 Nd3 27. Nf5 Ba3
28. Ne3 Rac8 29. Rab1 Rxf1+ 30. Rxf1 Bc1 31. Nd6 Rf8 32. Rxf8+ Kxf8 33. Ndxc4
Kf7 34. Kg2 Ke6 35. Kf3 Nc5 36. h4 g6 37. g5 Na4 38. Ng4 Bf4 39. Nf6 Nxc3 40.
Nxh7 Bc1 41. Nf8+ Kf7 42. Nd7 e4+ 43. Kf2 Ke6 44. Nf8+ Kf5 45. a3 Nd5 46. Nd7
Kf4 47. Nde5 e3+ 48. Kf1 Kf5 49. Nd3 Bd2 50. Ke2 Nc3+ 51. Kf3 Nb5 52. Nxe3+ Bxe3
53. Kxe3 Nxa3 54. Nb4 a5 55. Nd5 Nc4+ 56. Kd4 Nd6 57. Ne7+ Kg4 58. Nxg6 Nf5+ 59.
Kc5 a4 60. Kb4 Nxh4 61. Nxh4 Kxg5 62. Kxa4 1/2-1/2

[Event "PRO League Group Stage"]
[Site "chess.com INT"]
[Date "2019.01.30"]
[Round "4"]
[White "Corrales Jimenez, Fidel"]
[Black "Salem, A.R. Saleh"]
[Result "1-0"]
[WhiteTitle "GM"]
[BlackTitle "GM"]
[WhiteElo "2559"]
[BlackElo "2672"]
[WhiteTeam "Minnesota Blizzard"]
[BlackTeam "Montreal Chessbrahs"]
[WhiteFideId "3506690"]
[BlackFideId "9301348"]
[EventDate "2019.01.08"]

1. d4 Nf6 2. c4 g6 3. Nc3 Bg7 4. g3 d5 5. cxd5 Nxd5 6. Bg2 Nb6 7. Nf3 Nc6 8. e3
O-O 9. O-O Re8 10. h3 e5 11. d5 Na5 12. e4 c6 13. Bg5 f6 14. Be3 Nac4 15. Bxb6
Nxb6 16. Qb3 cxd5 17. exd5 Bd7 18. Rfd1 Rc8 19. a4 Nc4 20. Nd2 Na5 21. Qa2 f5
22. Nb5 Rc2 23. Rac1 Rxc1 24. Rxc1 Bh6 25. Rc2 e4 26. Nf1 f4 27. gxf4 Bxf4 28.
b4 a6 29. Nc3 Qg5 30. Ne2 Bd6 31. h4 Qxh4 32. bxa5 Bg4 33. Qb3 h5 34. Qe3 Rf8
35. Neg3 Bf3 36. Bxf3 exf3 37. Qe6+ Kh7 38. Qxd6 Qh3 39. Rc7+ Kg8 40. Qe6+ 1-0

[Event "PRO League Group Stage"]
[Site "chess.com INT"]
[Date "2019.01.30"]
[Round "4"]
[White "Hansen, Eric"]
[Black "Henriquez Villagra, Cristobal"]
[Result "1-0"]
[WhiteTitle "GM"]
[BlackTitle "GM"]
[WhiteElo "2615"]
[BlackElo "2504"]
[WhiteTeam "Montreal Chessbrahs"]
[BlackTeam "Minnesota Blizzard"]
[WhiteFideId "2606771"]
[BlackFideId "3409350"]
[EventDate "2019.01.08"]

1. e4 c6 2. Nc3 d5 3. Nf3 dxe4 4. Nxe4 Nf6 5. Qe2 Nxe4 6. Qxe4 Qd5 7. Qe3 Qe6 8.
b3 Qxe3+ 9. fxe3 Bf5 10. Bb2 h6 11. O-O-O Nd7 12. Re1 e6 13. Rg1 a5 14. a4 O-O-O
15. g4 Bh7 16. h4 Rg8 17. Be2 Bb4 18. Ref1 Nf6 19. Rg2 Ne4 20. Bc4 Nd6 21. Be2
Ne4 22. Bd1 f6 23. g5 hxg5 24. hxg5 Bf5 25. Rfg1 fxg5 26. d3 Nc3 27. Rxg5 Nxd1
28. Rxd1 Be7 29. Rxg7 Rxg7 30. Bxg7 Bg4 31. Rf1 Rg8 32. Bc3 Bh3 33. Rh1 Rg3 34.
Nd2 Rxe3 35. Nc4 Rf3 36. Bxa5 Bf6 37. Nb6+ 1-0

[Event "PRO League Group Stage"]
[Site "chess.com INT"]
[Date "2019.01.30"]
[Round "4"]
[White "Tang, Andrew"]
[Black "Kleinman, Michael"]
[Result "1-0"]
[WhiteTitle "GM"]
[BlackTitle "IM"]
[WhiteElo "2487"]
[BlackElo "2411"]
[WhiteTeam "Minnesota Blizzard"]
[BlackTeam "Montreal Chessbrahs"]
[WhiteFideId "2059630"]
[BlackFideId "2609479"]
[EventDate "2019.01.08"]

1. d4 Nf6 2. Bf4 b6 3. e3 Bb7 4. Nf3 g6 5. h3 Bg7 6. Be2 O-O 7. O-O d6 8. a4 a6
9. a5 bxa5 10. Rxa5 c5 11. Ra1 Qb6 12. Nbd2 Nbd7 13. c3 Rfc8 14. Nc4 Qc7 15. Na5
Ne4 16. Bd3 Ndf6 17. Qe2 Rcb8 18. Nxb7 Qxb7 19. Ra2 a5 20. Rfa1 h6 21. Bc4 a4
22. Ne1 g5 23. Bh2 a3 24. Qc2 axb2 25. Rxa8 Rxa8 26. Rxa8+ Qxa8 27. Qxb2 Qa5 28.
dxc5 Qxc5 29. Qb8+ Bf8 30. Qb4 Qa7 31. Bd3 Qa1 32. c4 Nc5 33. Qb1 Qa5 34. Bf1
Nfe4 35. Nf3 Nc3 36. Qb2 Bg7 37. Nd4 N3e4 38. g4 Qe1 39. Qe2 Qa1 40. Nf5 Bf8 41.
Qc2 e6 42. Ng3 Nc3 43. Nh5 Qe1 44. Nf6+ Kh8 45. Qh7# 1-0

[Event "PRO League Group Stage"]
[Site "chess.com INT"]
[Date "2019.01.30"]
[Round "4"]
[White "Rodrigue-Lemieux, Shawn"]
[Black "Bartholomew, John"]
[Result "0-1"]
[WhiteTitle "FM"]
[BlackTitle "IM"]
[WhiteElo "2293"]
[BlackElo "2439"]
[WhiteTeam "Montreal Chessbrahs"]
[BlackTeam "Minnesota Blizzard"]
[WhiteFideId "2620049"]
[BlackFideId "2019353"]
[EventDate "2019.01.08"]

1. e4 d5 2. Nc3 dxe4 3. Nxe4 Qd5 4. d3 Nc6 5. Nf3 Bg4 6. Be2 e5 7. h3 Bf5 8. Ng3
Bg6 9. Be3 f5 10. Bd2 f4 11. Ne4 Bxe4 12. dxe4 Qxe4 13. O-O O-O-O 14. Bd3 Qd5
15. Ng5 Nf6 16. Re1 Bc5 17. Bc3 Kb8 18. Qe2 h6 19. Bc4 Bxf2+ 20. Kf1 Qd7 21.
Red1 Nd4 22. Bxd4 Bxd4 23. Nf7 Qf5 24. Nxd8 Ne4 25. Qf3 Ng3+ 26. Ke1 Rxd8 27. c3
e4 28. Qg4 Bf2+ 29. Kxf2 Qc5+ 30. Rd4 Rxd4 31. cxd4 Qxd4+ 32. Ke1 Qxc4 33. Rd1
Qf1+ 34. Kd2 Qxg2+ 35. Kc1 b6 36. Rd8+ Kb7 37. Qc8+ Kc6 38. Qa8+ Kb5 39. Rd5+ c5
40. a4+ Kc4 41. Rd2 Ne2+ 42. Kb1 Qf1+ 43. Ka2 Nd4 44. Qxe4 f3 45. Rc2+ Kb4 46.
Rd2 Qc4+ 47. Kb1 Kxa4 48. Qe3 Kb5 49. Qf2 Qd5 50. Qe3 Qf5+ 51. Kc1 g5 0-1

[Event "PRO League Group Stage"]
[Site "chess.com INT"]
[Date "2019.01.30"]
[Round "4"]
[White "Caruana, Fabiano"]
[Black "Xiong, Jeffery"]
[Result "1-0"]
[WhiteTitle "GM"]
[BlackTitle "GM"]
[WhiteElo "2828"]
[BlackElo "2672"]
[WhiteTeam "Saint Louis Arch Bishops"]
[BlackTeam "Dallas Destiny"]
[WhiteFideId "2020009"]
[BlackFideId "2047640"]
[EventDate "2019.01.08"]

1. e4 c5 2. Nf3 e6 3. d4 cxd4 4. Nxd4 Nc6 5. Nc3 a6 6. Nxc6 bxc6 7. Bd3 d5 8.
O-O Qc7 9. Re1 Bb7 10. Qg4 Nf6 11. Qh4 Bd6 12. Bg5 Nd7 13. Rad1 Ne5 14. Bf1 O-O
15. Be3 Ng6 16. Qh5 Rab8 17. g3 Ba8 18. Bc1 Be5 19. Bxa6 d4 20. Nb1 c5 21. Nd2
f5 22. Bc4 Qc6 23. Nf3 Rf6 24. Ng5 Nf8 25. f3 Rb4 26. b3 Rxc4 27. bxc4 h6 28.
Nh3 Qa4 29. Nf2 Qxc2 30. Qe8 Qxa2 31. Nd3 Bc7 32. Bf4 fxe4 33. fxe4 Bxf4 34.
Nxf4 g5 35. Nd3 Bb7 36. Qe7 Rf7 37. Qxc5 Ba6 38. Rf1 Rxf1+ 39. Rxf1 Ng6 40. Qc7 1-0

[Event "PRO League Group Stage"]
[Site "chess.com INT"]
[Date "2019.01.30"]
[Round "4"]
[White "Holt, Conrad"]
[Black "Akobian, Varuzhan"]
[Result "1/2-1/2"]
[WhiteTitle "GM"]
[BlackTitle "GM"]
[WhiteElo "2548"]
[BlackElo "2643"]
[WhiteTeam "Dallas Destiny"]
[BlackTeam "Saint Louis Arch Bishops"]
[WhiteFideId "2034387"]
[BlackFideId "13300580"]
[EventDate "2019.01.08"]

1. d4 d5 2. c4 e6 3. Nc3 Be7 4. cxd5 exd5 5. Bf4 c6 6. Qc2 Bd6 7. Bxd6 Qxd6 8.
e3 Qg6 9. Qd1 Ne7 10. Nf3 Qd6 11. Bd3 Bf5 12. Bxf5 Nxf5 13. O-O O-O 14. e4 dxe4
15. Nxe4 Qd8 16. Qb3 Qb6 17. Nc5 Qxb3 18. axb3 b6 19. Nd3 Rd8 20. Rfe1 Kf8 21.
Re4 Nd7 22. Rf4 Nd6 23. Nde5 Nf6 24. Nxc6 Rdc8 25. Nfe5 Nd5 26. Rh4 f6 27. Nd7+
Ke8 28. Ndb8 Kf7 29. Rxh7 a5 30. Rh5 Nf4 31. Rh4 Ng6 32. Rh5 Raxb8 33. Nxb8 Rxb8
34. Rc1 Rc8 35. Rxc8 Nxc8 36. Kf1 Nd6 37. g3 Ne7 38. Ke2 Nc6 39. Kd3 Nb4+ 40.
Kd2 Ke6 41. Rh8 Nc6 42. Kd3 Nb4+ 43. Ke3 Nc2+ 44. Kd3 Nb4+ 45. Kd2 Nc6 46. Kd3
Nb4+ 1/2-1/2

[Event "PRO League Group Stage"]
[Site "chess.com INT"]
[Date "2019.01.30"]
[Round "4"]
[White "Bok, Benjamin"]
[Black "Gorovets, Andrey"]
[Result "1-0"]
[WhiteTitle "GM"]
[BlackTitle "GM"]
[WhiteElo "2643"]
[BlackElo "2509"]
[WhiteTeam "Saint Louis Arch Bishops"]
[BlackTeam "Dallas Destiny"]
[WhiteFideId "1017063"]
[BlackFideId "13504037"]
[EventDate "2019.01.08"]

1. d4 e6 2. Nf3 f5 3. g3 Nf6 4. Bg2 d5 5. O-O Bd6 6. c4 O-O 7. Nbd2 b6 8. Qc2
Ne4 9. Ne5 Bb7 10. Nd3 Nd7 11. Nf3 c5 12. dxc5 bxc5 13. Bf4 Qe7 14. Bxd6 Qxd6
15. cxd5 exd5 16. e3 Rac8 17. Rfd1 Rfd8 18. Rac1 Ndf6 19. Nd2 c4 20. Nxe4 fxe4
21. Nf4 Rc5 22. b3 Ba6 23. Qc3 Rdc8 24. b4 R5c7 25. h4 Rd8 26. Rd4 Bc8 27. Rcd1
Bg4 28. Rxd5 Bxd1 29. Rxd6 Rxd6 30. Qe5 Rdd7 31. Bh3 Bf3 32. Be6+ Kf8 33. Bxd7
Rxd7 34. Ne6+ Kf7 35. Nd4 c3 36. Qe6+ Kg6 37. Qf5+ Kf7 38. Qe6+ Kg6 39. Qc6 Bg4
40. Qxc3 Rd8 41. Kf1 Rc8 42. Nc6 a6 43. Ne7+ 1-0

[Event "PRO League Group Stage"]
[Site "chess.com INT"]
[Date "2019.01.30"]
[Round "4"]
[White "Zhu, Jiner"]
[Black "Bloomer, Josh"]
[Result "1-0"]
[WhiteTitle "WIM"]
[WhiteElo "2424"]
[BlackElo "1950"]
[WhiteTeam "Dallas Destiny"]
[BlackTeam "Saint Louis Arch Bishops"]
[WhiteFideId "8608059"]
[BlackFideId "2020416"]
[EventDate "2019.01.08"]

1. e4 c5 2. Nf3 d6 3. d4 cxd4 4. Nxd4 Nf6 5. Nc3 g6 6. Be3 Bg7 7. Be2 O-O 8. O-O
Nc6 9. Qd2 Ng4 10. Bxg4 Bxg4 11. f4 Bd7 12. Rae1 Rc8 13. Kh1 Na5 14. Qf2 Nc4 15.
Bc1 Qb6 16. Rd1 Bg4 17. Nd5 Qd8 18. Rd3 e6 19. Ne3 Nxe3 20. Bxe3 e5 21. Nb5 Rc6
22. f5 gxf5 23. exf5 d5 24. Bc5 Bxf5 25. Bxf8 Bxd3 26. Qxf7+ 1-0

[Event "PRO League Group Stage"]
[Site "chess.com INT"]
[Date "2019.01.30"]
[Round "4"]
[White "Haria, Ravi"]
[Black "Margvelashvili, Giorgi"]
[Result "0-1"]
[WhiteTitle "IM"]
[BlackTitle "GM"]
[WhiteElo "2450"]
[BlackElo "2530"]
[WhiteTeam "London Lions"]
[BlackTeam "Seattle Sluggers"]
[WhiteFideId "415820"]
[BlackFideId "13602926"]
[EventDate "2019.01.08"]

1. Nf3 c5 2. e4 d6 3. Bb5+ Nc6 4. O-O Bd7 5. Re1 Nf6 6. c3 a6 7. Bc4 Bg4 8. d4
Bxf3 9. gxf3 e5 10. dxe5 dxe5 11. a4 Qc7 12. Nd2 Be7 13. Nf1 Na5 14. Ne3 O-O 15.
Qe2 Nxc4 16. Qxc4 b5 17. Qf1 c4 18. Nf5 g6 19. Qg2 Nh5 20. Qg4 Bf6 21. Kh1 Nf4
22. Bxf4 exf4 23. Red1 Kh8 24. axb5 gxf5 25. Qxf5 Qe5 26. Rd5 Qe6 27. Qxf4 axb5
28. Rad1 Rad8 29. Rd6 Rxd6 30. Rxd6 Be5 31. Rxe6 Bxf4 32. Rb6 Rb8 33. Rf6 Bc1
34. Rxf7 Kg8 0-1

[Event "PRO League Group Stage"]
[Site "chess.com INT"]
[Date "2019.01.30"]
[Round "4"]
[White "Tiglon, Bryce"]
[Black "Roberson, Peter T"]
[Result "1/2-1/2"]
[WhiteTitle "IM"]
[BlackTitle "IM"]
[WhiteElo "2390"]
[BlackElo "2420"]
[WhiteTeam "Seattle Sluggers"]
[BlackTeam "London Lions"]
[WhiteFideId "2087456"]
[BlackFideId "412384"]
[EventDate "2019.01.08"]

1. e4 e6 2. d4 d5 3. Nd2 c5 4. Ngf3 cxd4 5. Nxd4 Nc6 6. Bb5 Bd7 7. Nxc6 bxc6 8.
Bd3 Bd6 9. O-O Qc7 10. Nf3 Ne7 11. c4 O-O 12. Qe2 Ng6 13. exd5 exd5 14. cxd5
Rfe8 15. Qc2 cxd5 16. Qxc7 Bxc7 17. Bxg6 hxg6 18. Be3 Bb6 19. Nd4 Rac8 20. Rac1
Rc4 21. Rxc4 dxc4 22. Rc1 Bxd4 23. Bxd4 a6 24. f3 Be6 25. Kf2 f6 26. Bc3 Rd8 27.
h4 Kf7 28. Re1 Rd5 29. Kg3 g5 30. hxg5 Rxg5+ 31. Kf2 Rd5 32. Rh1 Rc5 33. Rh8 Rc8
34. Rh5 Rc6 35. a3 Kg6 36. Rh8 Rc8 37. Rh1 Rd8 38. Re1 Kf7 39. Rh1 Bf5 40. Rh4
Bd3 41. Rh5 Re8 42. Kg3 Kg6 43. Rh1 Re2 44. Rg1 Kf5 45. Re1 Rxe1 46. Bxe1 g5 47.
Bc3 Kg6 48. Kf2 f5 49. g3 Kf7 50. Ke3 Ke6 51. Kd4 Kd6 52. Bb4+ Kc6 53. Ke5 g4
54. fxg4 fxg4 55. Kf4 Be2 56. Ke3 Bd3 57. Bc3 Bf5 58. Kd4 Be6 59. Ke5 Bc8 1/2-1/2

[Event "PRO League Group Stage"]
[Site "chess.com INT"]
[Date "2019.01.30"]
[Round "4"]
[White "Harvey, Marcus R"]
[Black "Feng, Roland"]
[Result "1-0"]
[WhiteTitle "FM"]
[BlackTitle "FM"]
[WhiteElo "2397"]
[BlackElo "2334"]
[WhiteTeam "London Lions"]
[BlackTeam "Seattle Sluggers"]
[WhiteFideId "400092"]
[BlackFideId "2060086"]
[EventDate "2019.01.08"]

1. Nf3 Nf6 2. d4 e6 3. c4 Bb4+ 4. Bd2 c5 5. Bxb4 cxb4 6. e3 b6 7. Be2 Bb7 8. O-O
a5 9. Nbd2 O-O 10. Rc1 d6 11. Re1 Nbd7 12. a3 bxa3 13. bxa3 Qc7 14. Qb3 Rfc8 15.
a4 e5 16. Nb1 e4 17. Nfd2 Qd8 18. Nc3 Rab8 19. Qa3 Qe7 20. Nb5 Ne8 21. Rc3 g6
22. Rec1 Ba6 23. Qb3 Rc6 24. f3 exf3 25. Bxf3 Rcc8 26. Na7 Nef6 27. Nxc8 Rxc8
28. e4 Ne8 29. Re3 Nc7 30. Qd3 Ne6 31. g3 Kg7 32. Bg2 Rc7 33. Rf1 Rc8 34. Rf2
Bb7 35. h4 Ba6 36. Kh2 Rd8 37. Qc3 Kg8 38. Nb1 Rc8 39. Na3 Rd8 40. Nb5 Rc8 41.
Bh3 Bxb5 42. axb5 Ra8 43. Ref3 Rf8 44. Rd2 Rd8 45. Qa3 Re8 46. Re3 Qf8 47. Bxe6
Rxe6 48. Kg2 Qe7 49. e5 Qe8 50. Rde2 dxe5 51. dxe5 Nxe5 52. Qc3 f6 53. Qd4 Qa8+
54. Qe4 Qxe4+ 55. Rxe4 Rd6 56. g4 h6 57. g5 hxg5 58. hxg5 Kf7 59. gxf6 Nd7 60.
Re8 Kxf6 61. Rf2+ Kg5 62. Rd8 Rd3 63. Rf7 Ne5 64. Rxd3 Nxd3 65. Rb7 Ne5 66. Rxb6
Nxc4 67. Rc6 Ne5 68. Rc7 Kf6 69. b6 Ke6 70. b7 Nd7 71. Rxd7 1-0

[Event "PRO League Group Stage"]
[Site "chess.com INT"]
[Date "2019.01.30"]
[Round "4"]
[White "Movsesian, Sergei"]
[Black "Iturrizaga Bonelli, Eduardo"]
[Result "1/2-1/2"]
[WhiteTitle "GM"]
[BlackTitle "GM"]
[WhiteElo "2629"]
[BlackElo "2637"]
[WhiteTeam "London Lions"]
[BlackTeam "Miami Champions"]
[WhiteFideId "310204"]
[BlackFideId "3901211"]
[EventDate "2019.01.08"]

1. e4 c5 2. Nc3 e6 3. Nf3 a6 4. d4 cxd4 5. Nxd4 b5 6. Bd3 Bb7 7. O-O Ne7 8. f4
Nec6 9. Nf3 Be7 10. Be3 d6 11. Qe1 Nd7 12. Rd1 O-O 13. Qg3 Kh8 14. e5 dxe5 15.
fxe5 Qc7 16. Qh3 g6 17. Bh6 Ncxe5 18. Nxe5 Nxe5 19. Bxf8 Rxf8 20. Kh1 f5 21.
Rde1 Bf6 22. Ne2 Re8 23. Nf4 Kg7 24. Qg3 Kf7 25. Bxb5 axb5 26. Nd3 Qxc2 27.
Nxe5+ Bxe5 28. Rxe5 Rd8 29. Rg1 Rd3 30. Qh4 h5 31. Ree1 Rd2 32. Qg5 Qxb2 33. h3
Rd3 34. Kh2 Qd4 35. Re2 h4 36. g3 Bf3 37. Rc2 Rc3 38. Rd2 Rd3 39. Rc2 Rc3 40.
Rd2 Rd3 41. Rc2 Rc3 1/2-1/2

[Event "PRO League Group Stage"]
[Site "chess.com INT"]
[Date "2019.01.30"]
[Round "4"]
[White "Bachmann, Axel"]
[Black "Haria, Ravi"]
[Result "1-0"]
[WhiteTitle "GM"]
[BlackTitle "IM"]
[WhiteElo "2631"]
[BlackElo "2450"]
[WhiteTeam "Miami Champions"]
[BlackTeam "London Lions"]
[WhiteFideId "3700488"]
[BlackFideId "415820"]
[EventDate "2019.01.08"]

1. e4 e6 2. Qe2 d5 3. exd5 Qxd5 4. Nc3 Qd8 5. g3 c5 6. Bg2 Nc6 7. d3 Nd4 8. Qd1
Ne7 9. Nf3 Nef5 10. O-O Be7 11. Ne5 O-O 12. a4 Qc7 13. Nc4 Bd7 14. Bf4 Qc8 15.
Ne4 Rd8 16. c3 Nc6 17. a5 Be8 18. Qe2 f6 19. Be3 Nxe3 20. Qxe3 Nb8 21. Bh3 Bf7
22. Rfe1 Na6 23. Ned2 Nc7 24. Nb3 Bf8 25. f4 Re8 26. Qe2 Nd5 27. Bg2 Qc7 28. Be4
b5 29. axb6 axb6 30. Rxa8 Rxa8 31. Qg2 Rd8 32. Qh3 g6 33. Qf1 b5 34. Ncd2 Nb6
35. Kh1 Na4 36. Rb1 Qd6 37. d4 c4 38. Na1 Be8 39. Nc2 Bc6 40. Qg2 Bd5 41. Nb4
Bxe4 42. Nxe4 Qb6 43. Nxf6+ Kf7 44. Nxh7 Bxb4 45. Ng5+ Kf6 46. cxb4 Qxd4 47. Re1
Qd1 48. Qf2 Qd5+ 49. Kg1 Qd4 50. Rxe6+ Kg7 51. Re7+ Kg8 52. Re8+ 1-0

[Event "PRO League Group Stage"]
[Site "chess.com INT"]
[Date "2019.01.30"]
[Round "4"]
[White "Myers, Dominique"]
[Black "Harvey, Marcus R"]
[Result "0-1"]
[BlackTitle "FM"]
[WhiteElo "2018"]
[BlackElo "2397"]
[WhiteTeam "Miami Champions"]
[BlackTeam "London Lions"]
[WhiteFideId "2041715"]
[BlackFideId "400092"]
[EventDate "2019.01.08"]

1. e4 e6 2. b3 Nf6 3. e5 Ng8 4. Bb2 d6 5. Nf3 Nc6 6. Bb5 Bd7 7. Nc3 Nxe5 8. Nxe5
dxe5 9. Qe2 c6 10. Bd3 Qc7 11. O-O Ne7 12. Rfe1 Ng6 13. g3 Bc5 14. Ne4 Be7 15.
h4 f5 16. Ng5 e4 17. Bc4 Bxg5 18. hxg5 b5 19. Qh5 bxc4 20. Bxg7 Rg8 21. Qxh7
O-O-O 22. Qxg6 f4 23. Rxe4 fxg3 24. f4 Qb6+ 25. Re3 c3 26. d4 e5 27. fxe5 Qxd4
28. Re1 Qh4 29. Qh6 Qh2+ 30. Qxh2 gxh2+ 31. Kxh2 Rxg7 32. e6 Be8 33. Rxc3 Rxg5
34. Re2 Rd4 35. Kh3 Rg6 36. Rg3 Kd8 37. e7+ Kd7 38. Rge3 Rd5 39. Kh4 Rg7 40. c4
Rh5# 0-1

[Event "PRO League Group Stage"]
[Site "chess.com INT"]
[Date "2019.01.30"]
[Round "4"]
[White "Margvelashvili, Giorgi"]
[Black "Holt, Conrad"]
[Result "1/2-1/2"]
[WhiteTitle "GM"]
[BlackTitle "GM"]
[WhiteElo "2530"]
[BlackElo "2548"]
[WhiteTeam "Seattle Sluggers"]
[BlackTeam "Dallas Destiny"]
[WhiteFideId "13602926"]
[BlackFideId "2034387"]
[EventDate "2019.01.08"]

1. d4 d5 2. c4 c6 3. Nf3 Nf6 4. Nbd2 Bf5 5. Nh4 Be6 6. e3 g6 7. Be2 Bg7 8. O-O
O-O 9. Nhf3 c5 10. dxc5 Na6 11. Nd4 Nxc5 12. b4 Nce4 13. Nxe6 fxe6 14. Bb2 a5
15. Nxe4 dxe4 16. a3 Qxd1 17. Rfxd1 Ne8 18. Bxg7 Nxg7 19. bxa5 Rxa5 20. Rd7 Rfa8
21. Rxe7 Rxa3 22. Rxa3 Rxa3 23. Rxb7 Ra1+ 24. Bf1 Nf5 25. g3 Rc1 26. Rd7 h5 27.
Rd2 h4 28. g4 Nh6 29. h3 Nf7 30. Kg2 Kg7 31. Be2 Kf6 32. Rb2 Ne5 33. Rd2 Nf7 34.
Rb2 Ne5 35. Rd2 Nf7 36. Rb2 1/2-1/2

[Event "PRO League Group Stage"]
[Site "chess.com INT"]
[Date "2019.01.30"]
[Round "4"]
[White "Feng, Roland"]
[Black "Zhu, Jiner"]
[Result "1-0"]
[WhiteTitle "FM"]
[BlackTitle "WIM"]
[WhiteElo "2334"]
[BlackElo "2424"]
[WhiteTeam "Seattle Sluggers"]
[BlackTeam "Dallas Destiny"]
[WhiteFideId "2060086"]
[BlackFideId "8608059"]
[EventDate "2019.01.08"]

1. d4 Nf6 2. c4 b6 3. Nc3 Bb7 4. Nf3 e6 5. Qc2 Bb4 6. a3 Bxc3+ 7. Qxc3 O-O 8. e3
d6 9. b4 Nbd7 10. Bb2 Ne4 11. Qc2 f5 12. Bd3 Qe8 13. O-O Qg6 14. d5 exd5 15.
cxd5 Bxd5 16. Bc4 Ndf6 17. Bxf6 Nxf6 18. Bxd5+ Nxd5 19. Qc4 c6 20. Qxc6 Ne7 21.
Qc4+ Kh8 22. Rfd1 Rac8 23. Qf4 Rfd8 24. Rd3 Qe6 25. Rad1 Nd5 26. Qd4 Nf6 27. Ng5
Qg8 28. Qf4 h6 29. Nf3 Ne4 30. Qxf5 Nc3 31. Re1 Rf8 32. Qg4 Rc4 33. Rd4 Rfc8 34.
h3 Nb5 35. Rxc4 Rxc4 36. Qd7 Nxa3 37. Qxa7 Nc2 38. Rd1 Nxb4 39. Qxb6 d5 40. Ne5
Re4 41. Ng6+ Kh7 42. Nf4 Rc4 43. Qg6+ Kh8 44. Qf5 Qa8 45. Ng6+ Kg8 46. Qe6+ Kh7
47. Ne5 Rc7 48. Qf5+ Kh8 49. Qf4 Qa5 50. Rb1 Na6 51. Ng6+ Kh7 52. Qf5 Kg8 53. h4
Qc3 54. Qxd5+ Kh7 55. Nf4 Qc2 56. Rb6 Nc5 57. Rb8 Qc1+ 58. Kh2 1-0

[Event "PRO League Group Stage"]
[Site "chess.com INT"]
[Date "2019.01.30"]
[Round "4"]
[White "Salem, A.R. Saleh"]
[Black "Caruana, Fabiano"]
[Result "1-0"]
[WhiteTitle "GM"]
[BlackTitle "GM"]
[WhiteElo "2672"]
[BlackElo "2828"]
[WhiteTeam "Montreal Chessbrahs"]
[BlackTeam "Saint Louis Arch Bishops"]
[WhiteFideId "9301348"]
[BlackFideId "2020009"]
[EventDate "2019.01.08"]

1. d4 Nf6 2. c4 e6 3. Nf3 d5 4. Nc3 Be7 5. Bg5 h6 6. Bxf6 Bxf6 7. e3 O-O 8. Qc2
c5 9. dxc5 Na6 10. cxd5 Nxc5 11. Be2 exd5 12. O-O Be6 13. Rfd1 Rc8 14. Nd4 Qe7
15. Bf3 Rfd8 16. Rac1 Nd7 17. Qb3 Nb6 18. h3 Be5 19. a4 Qg5 20. Nxe6 fxe6 21.
Bg4 Rc6 22. f4 Bxf4 23. exf4 Qxf4 24. Ne2 Qd6 25. Nd4 Rxc1 26. Bxe6+ Kh8 27.
Rxc1 Nc4 28. Qc3 Rf8 29. b3 Ne5 30. Qc7 Qa3 31. Nf5 Nf7 32. Rf1 1-0